| 000 | 00887nam a2200181Ia 4500 | ||
|---|---|---|---|
| 008 | 151202s9999||||xx |||||||||||||| ||und|| | ||
| 082 | _bPNVM-74187 | ||
| 100 | _aजाधव सुवर्णलता अमरसिंह. | ||
| 245 | _aसरदार पिलाजी जाधवराव-व्यक्ती आणि कार्य. | ||
| 260 | _b"अविष्कार प्रकाशन,पुणे." | ||
| 260 | _c74187 | ||
| 300 | _a215 | ||
| 600 | _aजाधव सुवर्णलता अमरसिंह. | ||
| 630 | _aसरदार पिलाजी जाधवराव-व्यक्ती आणि कार्य. | ||
| 700 | _aजाधव सुवर्णलता अमरसिंह. | ||
| 730 | _aसरदार पिलाजी जाधवराव-व्यक्ती आणि कार्य. | ||
| 942 | _cBOOK | ||
| 999 |
_c1340848 _d1340845 |
||